Odhad výdavkových elasticít pre rôzne skupiny obyvateľstva

Analýza správania sa domácností v Slovenskej republike prostredníctvom vyjadrenia výdavkových elasticít, ktoré sú počítané aplikáciou modelu QUAIDS. Rozdiely v spotrebnom správaní jednotlivých skupín domácností v závislosti od ich sociálnoekonomických špecifikácií.

Salvato in:
Dettagli Bibliografici
Autore principale: Lichner, Ivan
Altri autori: Petríková, Kristína
Natura: Capitolo di libro
Lingua:slovacco
Soggetti:
Tags: Aggiungi Tag
Nessun Tag, puoi essere il primo ad aggiungerne!!

MARC

LEADER 00000nla a2200000 4500
001 0193910
005 20240502073239.9
041 0 |a slo 
044 |a SK 
245 1 0 |a Odhad výdavkových elasticít pre rôzne skupiny obyvateľstva  |c Ivan Lichner, Kristína Petríková 
520 |a Analýza správania sa domácností v Slovenskej republike prostredníctvom vyjadrenia výdavkových elasticít, ktoré sú počítané aplikáciou modelu QUAIDS. Rozdiely v spotrebnom správaní jednotlivých skupín domácností v závislosti od ich sociálnoekonomických špecifikácií. 
610 2 0 |a domácnosti 
610 2 0 |a spotreba domácností 
610 2 0 |a výdavky obyvateľstva 
610 2 0 |a pružnosť 
610 2 0 |a správanie spotrebiteľa 
610 2 0 |a mestá 
610 2 0 |a Slovensko 
100 1 |a Lichner, Ivan 
700 1 |a Petríková, Kristína